Physics and engineering applications of magnetism

-д хадгалсан:
Номзүйн дэлгэрэнгүй
Үндсэн зохиолчид: Ishikawa, Yoshikazu (Зохиогч), Miura, Noboru (Зохиогч)
Формат: Ном
Хэл сонгох:англи
Хэвлэсэн: Berlín Springer-Verlag 1991
Цуврал:Springer series in solid-state sciences
Нөхцлүүд:
Шошгууд: Шошго нэмэх
Шошго байхгүй, Энэхүү баримтыг шошголох эхний хүн болох!

MARC

LEADER 00000nam a2200000 a 4500
001 UCX3684
003 CL-VaPUC
008 911125e19910000GW |||||||||||||||||eng|d
082 0 4 |a 538  |b ISH  |2 21 
100 0 |a Ishikawa, Yoshikazu  |e author  |9 319861 
700 0 |a Miura, Noboru  |e author  |9 319862 
245 1 0 |a Physics and engineering applications of magnetism 
300 |a 317 p 
942 |c BK 
945 |d 19911125 00:00:00 
260 |a Berlín  |b Springer-Verlag  |c 1991 
650 0 |a Magnetismo  |9 260336 
650 7 |a MATERIALES MAGNETICOS  |2 CL-VaPUC  |9 271911 
583 |a last modification  |c 19911125 00:00:00  |k Rodrigo Vera 
490 0 |a Springer series in solid-state sciences 
999 |c 224370  |d 224368 
952 |0 0  |1 0  |4 0  |6 538_000000000000000_ISH_1991  |7 0  |8 A  |9 220945  |a BIBCUR  |b BIBCUR  |d 2019-11-15  |i 318207K  |o 538 ISH 1991  |p 318207K  |r 2025-04-22  |w 2019-11-15  |y BK  |k BCB